000 00415nam a22001337a 4500
008 230621b xxu||||| |||| 00| 0 eng d
082 _a328.4
_bSOC
100 _cR.W. Perceval and C.A.S.S. Gordon
245 _aThe Table
_bThe Journal of the Society of Clerks-at-the-table in Commonwealth Parliaments
260 _aLondon
_bCommonwealth Parliaments
_c1959
300 _a203p
440 _vvolume 27
942 _2ddc
_cBK
999 _c2196
_d2196